Statistiques concernant Borussia Dortmund Buteurs

Cliquez ici pour prendre le quiz!

Statistiques générales

  • Ce quiz a été pris 36 fois
  • Le résultat moyen est 4 sur 25

Statistiques - réponses

Nb ButsJoueurTop% Correct
153Marco Reus4
100%
103Robert Lewandowski12
68%
85Erling Haaland16
65%
141Pierre-Emerick Aubameyang7
62%
159Michael Zorc2
26%
60Shinji Kagawa20
18%
123Stephane Chapuisat10
18%
69Lars Ricken18
15%
79Jan Koller17
12%
88Andreas Moller15
9%
158Manfred Burgsmuller3
9%
54Ewerthon23
6%
148Lothar Emmerich5
6%
174Adi Preibler1
3%
89Aki Schmidt14
0%
122Alfred Kelbassa11
0%
125Alfred Niepieklo9
0%
53Burkhard Segler24
0%
55Edmond Kasperski22
0%
66Frank Mill19
0%
56Heiko Herrlich21
0%
134Jurgen Schutz8
0%
93Reinhold Wosab13
0%
53Sigfried Held25
0%
145Timo Konietzka6
0%

Distribution des résultats

Percentile par nombre de réponses

% des personnes avec chaque résultat

Votre développement - résultats

Vous n’avez pas pris ce quiz